Chanson à trous : Bigflo & Oli - Dommage - Statistiques

Statistiques générales
  • Ce quiz a été pris 686 fois
  • Le résultat moyen est 20 sur 21
Statistiques - réponses
Couplets Dommage - Bigflo & Oli % Correct
2 Qu'elle vienne lui parler, il espère tous les jours Ce qu'il ressent au fond d'lui, c'est ce qu'on appelle {l}'{amour}
100%
1 Louis prend {son} {bus}, comme tous les matins Il croisa cette même fille, avec son doux parfum
98%
3 Mais Louis, il est {timide} Et elle, elle est si belle
98%
10 Ah elle aurait dû y aller, elle aurait dû le faire {Crois}-{moi} On a tous dit : "Ah c'est dommage, ah c'est dommage, C'est p't'être la dernière fois"
97%
20 Ah elle aurait dû y aller, elle aurait dû le faire {Crois}-{moi} On a tous dit : "Ah c'est dommage, ah c'est dommage C'est p't'être la dernière fois"
97%
15 Ah il aurait dû y aller, il aurait dû le faire {Crois}-{moi} On a tous dit : "Ah c'est dommage, ah c'est dommage, C'est p't'être la dernière fois"
97%
5 Ah il aurait dû y aller, il aurait dû le faire {Crois}-{moi} On a tous dit : "Ah c'est dommage, ah c'est dommage, C'est p't'être la dernière fois"
97%
7 Face à sa mélodie, le monde est à ses pieds Mais son père lui répétait: "trouve-toi {un} {vrai} {métier}"
96%
11 Diego est affalé au fond du canapé Il engueule son p'tit frère quand il passe {devant} {la} {télé}
95%
8 Parfois elle s'imagine sous la lumière des projecteurs Sur la scène à recevoir les compliments et les jets {de} {fleurs}
95%
6 Yasmine a une belle voix, elle sait qu'elle est douée Dans la tempête de sa vie, la {musique} est sa bouée
95%
13 Diego est triste il ne veut rien faire de sa nuit Il déprime de ne pas trouver la {femme} {de} {sa} {vie}
93%
14 Mais mon pauvre Diego, tu t'es tellement trompé C'était à {cette} {soirée} que t'allais la rencontrer
93%
9 Mais Yasmine est rouillée, coincée dans la routine Ça lui arrive de chanter quand elle travaille {à} {l}'{usine}
93%
17 Son mari rentre bientôt, elle veut même pas y penser Quand il lui prend le bras, c'est pas pour la faire {danser}
93%
21 Vaut mieux vivre avec des remords qu'avec des {regrets}
91%
12 Ses amis sont sortis, il ne les a pas suivis Comme souvent seule la Lune viendra lui {tenir} {compagnie}
88%
19 Elle avait un avenir, un fils {à} {élever} Après la dernière danse, elle s'est pas relevée
87%
4 Il ne veux pas y aller, il est collé au fond d'son siège Une fois elle {lui} {a} {souri} quand elle est descendu Et depuis ce jour là, il ne l'a jamais revu
87%
18 Elle repense à la mairie, cette décision qu’elle a prise A cette après midi où elle avait fait {sa} {valise}
86%
16 Pauline elle est discrète, elle oublie qu'elle est belle Elle a sur tout le corps des tâches de la {couleur} {du} {ciel}
86%
Aucun quiz correspondant
Distribution des résultats
% des personnes avec chaque résultat
Percentile par nombre de réponses
Votre historique - résultats
Vous n’avez pas pris ce quiz